| 000 | 01027nam a22003497a 4500 | ||
|---|---|---|---|
| 001 | BR8004838 | ||
| 003 | BR-BrBNA | ||
| 005 | 20230928090702.0 | ||
| 007 | ta | ||
| 008 | 230509b bl.||||| |||| 00| 0 por d | ||
| 040 |
_aBR-BrBNA _bpor _cBiblioteca Nacional de Agricultura |
||
| 041 | _a(Por) | ||
| 072 |
_aQ10; E70 _b9210 _b9250 _b0180 _b0120 _b1540 _b0336 |
||
| 090 | _ 9210 BR8004838 | ||
| 110 | 1 |
_aBanco Regional de Desenvolvimento do Extremo Sul, Curitiba, PR (Brasil); _91224 |
|
| 110 | 1 |
_aConselho de Desenvolvimento do Extremo Sul, Curitiba, PR (Brasil) _92596 |
|
| 245 | 1 | _aViabilidade de adicao das farinhas sucedoneas ao trigo [milho, mandioca, soja] | |
| 260 | 3 |
_aCuritiba, PR (Brasil): _c1981. |
|
| 300 | _a112 p. | ||
| 500 | _a26 ref. | ||
| 650 | _aTRIGO | ||
| 650 | _aMILHO | ||
| 650 | _aMANDIOCA | ||
| 650 | _aSOJA | ||
| 650 | _aFARINHA | ||
| 650 | _aCOMERCIALIZACAO | ||
| 650 | _aPRECO | ||
| 650 | _aCONSUMO | ||
| 650 | _aIMPORTACAO | ||
| 909 |
_a202309 _bLucia _c55 _dLucia Elande |
||
| 942 | _cBK | ||
| 999 |
_c30021 _d30021 |
||